Virology / (Record no. 83161)

MARC details
000 -LEADER
fixed length control field 00617nam a22002057a 4500
005 - DATE AND TIME OF LATEST TRANSACTION
control field 20140409101726.0
010 ## - LCCN (DPL NO)
LC control number ENG-109620
020 ## - INTERNATIONAL STANDARD BOOK NUMBER
Terms of availability 250.00
International Standard Book Number 9788189941345
035 ## - SYSTEM CONTROL NUMBER
System control number EN-93153
037 ## - SOURCE OF ACQUISITION
Source of stock number/acquisition DBAD/PUB
082 ## - DEWEY DECIMAL CLASSIFICATION NUMBER
Classification number 579.2
100 ## - MAIN ENTRY--PERSONAL NAME
Personal name Rajan, S.
245 ## - TITLE STATEMENT
Title Virology /
Statement of responsibility, etc by S. Rajan [and] V. Kumaresan
260 ## - PUBLICATION, DISTRIBUTION, ETC. (IMPRINT)
Name of publisher, distributor, etc Saras Publication
Date of publication, distribution, etc 2010
Place of publication, distribution, etc Nagercoil
270 ## - ADDRESS
City Nagercoil
Postal code 629002
Address 114/35G, A. R. P. Camp Road, Periavilai, Kottar P. O.,
300 ## - PHYSICAL DESCRIPTION
Extent xii,504p. :
Dimensions 22cm(pbk)
Other physical details ill
500 ## - GENERAL NOTE
General note Includes index
700 ## - ADDED ENTRY--PERSONAL NAME
Personal name Kumaresan, V.
942 ## - ADDED ENTRY ELEMENTS (KOHA)
Source of classification or shelving scheme Dewey Decimal Classification
Item type English Books
Call number suffix RAJ
Classification part 579.2
Holdings
Withdrawn status Lost status Not for loan Collection code Home library Current library Date acquired Source of acquisition Cost, normal purchase price Full call number Barcode Copy number Cost, replacement price Koha item type
    Not For Loan Non-fiction D.B.Act.Division D.B.Act.Division 24/03/2014 DBAD/PUB 250.00 579.2 RAJ EN-93153 1 250.00 English Books

© Delhi Public Library
Hit Counter
free hit counter